000 00858cab a2200253 4500
001 WB2845-54
008 090401t1992 xxu||||| |||| 00| 0 eng d
035 _a(Sirsi) u63667
041 _aeng
245 _aPublic expenditure plans for agriculture
260 _c1992
350 _a0
490 _aMAFF News Release
_v(354/92) 12 November 1992 (7)
520 _aExpenditure on agriculture, fisheries and food, which covers the implementation of CAP reform, the Environmentally Sensitive Areas programme, the National Meat Hygiene Agency and capital projects, has been announced.
650 _aAGRICULTURE
650 _aCAP REFORM
650 _aENVIRONMENTALLY SENSITIVE AREAS
650 _aFLOOD DEFENCES
650 _aFOOD SAFETY
650 _aNATIONAL MEAT HYGIENE AGENCY
690 _aRURAL PRACTICE
942 _n0
948 _c04/03/1997
999 _c39591
_d39591